000 00529nam a22001817a 4500
005 20251108171042.0
008 250721s1997 xx 000 0 ara d
082 1 4 _a371.3/منس
100 1 _aمنسي، حسن عمر
245 1 0 _aمناهج و أساليب الدراسات الإجتماعية /
250 _aط2
264 1 _aإربد :
_bدار الكندي،
_c1997.
300 _a109ص
650 1 7 _aأساليب التدريس
650 1 7 _aالتخطيط التدريسي
942 _2ddc
_cBK
999 _c55351
_d55351